Authors by Title Quiz Stats

 Plays Quiz Updated Jul 6, 2016

Score 0/22 Timer 06:00
0 Plays Today
Title Author % Correct
The Audacity of HopeBarack Obama
72.3%
Confessions of an HeiressParis Hilton
59.2%
I Am America (And So Can You!)Stephen Colbert
57.2%
MoonwalkMichael Jackson
56.6%
It Takes a VillageHillary Rodham Clinton
45.4%
Going Rogue: An American LifeSarah Palin
42.8%
The Art of the DealDonald Trump
40.4%
Here's Johnny!Ed McMahon
27.8%
Lies and the Lying Liars Who Tell ThemAl Franken
26.7%
Naked Pictures of Famous PeopleJon Stewart
23.9%
A Bold Fresh Piece of HumanityBill O'Reilly
14.2%
Title Author % Correct
Who Wants to Be Me?Regis Philbin
12.4%
My Point... And I Do Have OneEllen DeGeneres
11.7%
Enter TalkingJoan Rivers
8.5%
Priceless MemoriesBob Barker
6.5%
A Spaniard In The WorksJohn Lennon
6.5%
Down Came the RainBrooke Shields
5.7%
Breaking the SurfaceGreg Louganis
4.6%
Celebrity DetoxRosie O'Donnell
3.8%
The Long Hard Road Out of HellMarilyn Manson
2.9%
Yeah, I Said ItWanda Sykes
2%
Might As Well Laugh About It NowMarie Osmond
1.5%

You're not logged in!

Compare scores with friends on all Sporcle quizzes.
OR
Log In

Show Comments

Extras

Top Quizzes Today


Score Distribution

Your Account Isn't Verified!

In order to create a playlist on Sporcle, you need to verify the email address you used during registration. Go to your Sporcle Settings to finish the process.

Report this User

Report this user for behavior that violates our Community Guidelines.

Details: